América Latina: evolución o explosión?

保存先:
書誌詳細
第一著者: Adams, Mildred (著者)
フォーマット: 図書
言語:スペイン語
出版事項: Ciudad de México Libreros Mexicanos Unidos 1964
シリーズ:El Mundo de Hoy
主題:
タグ: タグ追加
タグなし, このレコードへの初めてのタグを付けませんか!

MARC

LEADER 00000nam a2200000 a 4500
001 UCP7655
003 CL-VaPUC
008 991217e19640000MX |||||||||||||||||spa|d
082 0 4 |a 330.98  |b ADA  |2 21 
100 0 |a Adams, Mildred  |e author  |9 437181 
245 1 0 |a América Latina: evolución o explosión? 
300 |a 429 p 
942 |c BK 
945 |d 19991217 00:00:00  |a crobeson 
260 |a Ciudad de México  |b Libreros Mexicanos Unidos  |c 1964 
650 7 |a CONDICIONES ECONOMICAS SIGLO 20  |2 CL-VaPUC  |9 332194 
650 7 |a RELACIONES COMERCIALES  |2 CL-VaPUC  |9 322074 
650 0 |a Desarrollo económico y social   |9 256320 
650 0 |a Comercio exterior  |9 257617 
651 0 |a América Latina   |9 255027 
651 0 |a Estados Unidos  |9 255178 
583 |a last modification  |c 19991217 00:00:00  |k Rodrigo Vera 
490 0 |a El Mundo de Hoy 
999 |c 284772  |d 284770 
952 |0 0  |1 0  |4 0  |6 330_980000000000000_ADA_1964  |7 0  |8 A  |9 329000  |a BIBHIS  |b BIBHIS  |d 2019-11-20  |i 1373439  |l 1  |o 330.98 ADA 1964  |p 1373439  |r 2025-01-20  |s 2024-03-21  |w 2019-11-20  |y BK  |k HIS